Statistics for Geographic Alphabet Quiz- World Capitals

Click here to take the quiz!

General Stats

  • This quiz has been taken 51 times
  • The average score is 21 of 24

Answer Stats

CountryStarting LetterCapital City% Correct
Western Asia, in Central Anatolia, replaced Istanbul as the country's capital city in 1923AAnkara
100%
North Africa, on the banks of the Nile River, near the Giza NecropolisCCairo
98%
Southeast Asia, on the Chao Phraya River delta, locally known as Krung ThepBBangkok
95%
Central America, most populous city in Central America, shares its name with the country where it is locatedGGuatemala City
95%
West Africa, on the Atlantic Ocean, founded by freed African Americans ex-slavesFFreetown
93%
Southeast Asia, on the northwest coast of the island of Java, founded by the Dutch in 1619 as BataviaJJakarta
93%
South America, on the Pacific Ocean, founded in 1535 by the Spanish, led by Francisco PizarroLLima
93%
Greater Antilles, on the Straits of Florida, founded by the Spanish in 1515HHavana
90%
Southwestern Europe, on the southern Meseta Central, in the Iberian Peninsula, it is one of the largest cities in the EUMMadrid
90%
South Asia, on the foothills of the Himalayas, replaced Karachi as the capital city in the 1960sIIslamabad
88%
Eastern Europe, on the banks of the Dnieper River, an important center of Slavic history and cultureKKiev
88%
North America, at the border between Ontario and Quebec, founded by the British in 1826 as BytownOOttawa
88%
Western Europe, on the banks of the River Seine, known worldwide for its museums and architectural landmarksPParis
88%
South America, high in the Andes Mountains, it sits close to the EquatorQQuito
88%
Northern Europe, on the North Atlantic Ocean, world's northernmost capital cityRReykjavík
88%
North Africa, in the Maghreb, on the Mediterranean Sea, near where the ancient city of Carthage was locatedTTunis
88%
Central Europe, on the banks of the Danube River, one of the largest German-speaking cities, home to many major international organizationsVVienna
88%
Central Europe, on the banks of the Vistula River, destroyed by the Germans during WWIIWWarsaw
88%
Western Asia, on the Persian Gulf, on the eastern coast of a small peninsular countryDDoha
86%
East Asia, on the banks of the Tuul River, its name means "red hero" in the local language, the coldest national capital in the worldUUlaanbaatar
86%
Southeastern Europe, on the banks of the Sava River, at the southern slopes of the Medvednica mountain, near the border with SloveniaZZagreb
86%
Eastern Mediterranean, on the central Mesaoria plain, split in two: a Greek side to the south, and a Turkish side to the northNNicosia
83%
Western Asia, on the Ararat Plain, near Turkey's Mount Ararat (visible from the city), on the Hrazdan RiverYYerevan
83%
East Asia, on the banks of the Han River, near the Yellow SeaSSeoul
81%

Score Distribution

Percentile by Number Answered

Percent of People with Each Score

Your Score History

You have not taken this quiz